Online katalóg knižníc regiónu Turca

Super škola (Record no. 22739)

MARC details
000 -LEADER
fixed length control field 01088nam a2200373 a 4500
001 - CONTROL NUMBER
control field 22739
003 - CONTROL NUMBER IDENTIFIER
control field SK-KTurca
005 - DATE AND TIME OF LATEST TRANSACTION
control field 20260422123931.0
008 - FIXED-LENGTH DATA ELEMENTS--GENERAL INFORMATION
fixed length control field 100914s2009 xo c 000 j slo d
020 ## - INTERNATIONAL STANDARD BOOK NUMBER
International Standard Book Number 9788080881856 (viaz.)
035 ## - SYSTEM CONTROL NUMBER
System control number SE116316
035 ## - SYSTEM CONTROL NUMBER
System control number (VRT)vtls009988926
040 ## - CATALOGING SOURCE
Original cataloging agency ZKSE
Language of cataloging slo
Transcribing agency UKB
Description conventions AACR2
041 1# - LANGUAGE CODE
Language code of text/sound track or separate title slo
Language code of original eng
044 ## - COUNTRY OF PUBLISHING/PRODUCING ENTITY CODE
MARC country code xo
ISO country code SK
072 #7 - SUBJECT CATEGORY CODE
Subject category code 821.111
Subject category code subdivision Anglická literatúra, anglicky písaná
Source konspekt
072 #7 - SUBJECT CATEGORY CODE
Subject category code 821-93
Subject category code subdivision Literatúra pre deti a mládež
Source konspekt
080 ## - UNIVERSAL DECIMAL CLASSIFICATION NUMBER
Universal Decimal Classification number 821.111-32
Edition identifier 2004
080 ## - UNIVERSAL DECIMAL CLASSIFICATION NUMBER
Universal Decimal Classification number 821-93
Edition identifier 2004
080 ## - UNIVERSAL DECIMAL CLASSIFICATION NUMBER
Universal Decimal Classification number (0:82-32)
Edition identifier 2004
100 1# - MAIN ENTRY--PERSONAL NAME
Personal name Jefferies, Cindy
Relationship aut
245 10 - TITLE STATEMENT
Title Super škola
Number of part/section of a work [10]
Name of part/section of a work Súboj kapiel
Statement of responsibility, etc. Cindy Jefferiesová ; [preklad Dana Dobiášová]
246 30 - VARYING FORM OF TITLE
Title proper/short title Súboj kapiel
250 ## - EDITION STATEMENT
Edition statement 1. vyd.
260 ## - PUBLICATION, DISTRIBUTION, ETC.
Place of publication, distribution, etc. Bratislava
Name of publisher, distributor, etc. Matys
Date of publication, distribution, etc. 2009
300 ## - PHYSICAL DESCRIPTION
Extent 119 s.
653 ## - INDEX TERM--UNCONTROLLED
Uncontrolled term 821.111-32
653 ## - INDEX TERM--UNCONTROLLED
Uncontrolled term 821-93
653 ## - INDEX TERM--UNCONTROLLED
Uncontrolled term (0:82-32)
655 #7 - INDEX TERM--GENRE/FORM
Genre/form data or focus term anglické príbehy
Source of term UKBPH
655 #7 - INDEX TERM--GENRE/FORM
Genre/form data or focus term publikácie pre mládež
Source of term UKBPH
700 1# - ADDED ENTRY--PERSONAL NAME
Personal name Dobiášová, Dana
Relationship trl
942 ## - ADDED ENTRY ELEMENTS (KOHA)
Source of classification or shelving scheme Dewey Decimal Classification
Koha item type Krásna literatúra pre deti
Suppress in OPAC No
Holdings
Stav vyradenia Strata Poškodenie Spôsob nadobudnutia Domovská knižnica Aktuálna knižnica Dátum nadobudnutia Total checkouts Čiarový kód exemplára Date last seen Typ exemplára
      Dar Mestská knižnica Turany Mestská knižnica Turany 22.04.2026   4712401340 22.04.2026 Krásna literatúra pre deti
Projekt je podporený Slovenskou asociáciou knižníc
Prevádzkuje Turčianska knižnica Martin 2026